书目信息 |
| 题名: |
中央情报局的秘密活动
|
|
| 作者: | 罗西兹克 著 ;奋然 译 | |
| 分册: | ||
| 出版信息: | 北京 群众出版社 1979 |
|
| 页数: | 249页 | |
| 开本: | 20cm | |
| 丛书名: | ||
| 单 册: | ||
| 中图分类: | D771.236 | |
| 科图分类: | ||
| 主题词: | 情报机构--美国 , 情报机构--活动--美国 | |
| 电子资源: | ||
| ISBN: | ||
| 000 | 00702nam0 2200241 45 | |
| 001 | 0179002659 | |
| 005 | 20060430152628.76 | |
| 010 | @dCNY0.73 | |
| 091 | @a3067.74 | |
| 100 | @a19950713d1979 em y0chiy0121 ea | |
| 101 | 1 | @achi@ceng |
| 102 | @aCN@b110000 | |
| 105 | @ay z 000yy | |
| 200 | 10 | @a中央情报局的秘密活动@Azhong yang qing bao ju de mi mi huo dong@f(美)哈里·罗西兹克著@F(Mei)Ha Li·Luo Xi Zi Ke Zhu@g奋然译 |
| 210 | @a北京@c群众出版社@d1979 | |
| 215 | @a249页@d20cm | |
| 606 | 0 | @a情报机构@x美国 |
| 606 | 0 | @a情报机构@x活动@y美国 |
| 690 | @aD771.236@v3 | |
| 701 | 0 | @a罗西兹克@4著 |
| 702 | 0 | @a奋然@Afen ran@4译 |
| 801 | 0 | @aCN@bNLC@c20060430 |
| 905 | @dD771.236@e120@f1@b178117 | |
| 中央情报局的秘密活动/(美)哈里·罗西兹克著/奋然译.-北京:群众出版社,1979 |
| 249页;20cm |
| ISBN :CNY0.73 |
| ● |
| 相关链接 |
|
|
|
|
正题名:中央情报局的秘密活动
索取号:D771.236/120
 
预约/预借
| 序号 | 登录号 | 条形码 | 馆藏地/架位号 | 状态 | 备注 |
| 1 | 0025785 | 000185677 | 密集书库/ [索取号:D771.236/120] | 在馆 | |
| 2 | 0178116 | 001013094 | 第一借阅区/ [索取号:D771.236/120] | 在馆 | |
| 3 | 0230630 | 202307119 | 密集书库/ [索取号:D771.236/120] | 在馆 | |
| 4 | 0230631 | 202307155 | 密集书库/ [索取号:D771.236/120] | 在馆 | |
| 5 | 0230632 | 202307146 | 密集书库/ [索取号:D771.236/120] | 在馆 |